000 00666cam a2200205 i 4500
001 4187481
005 20240304013242.0
008 810306s1979 ce 001 0 eng
040 _aDLC
_cDLC
_dDLC
082 0 0 _a323.4.
_219
_bTHE.
245 1 4 _aThe people's rights :
_bdocuments of the Civil Rights Movement of Sri Lanka, 1971 to 1978 /
_cedited by Kumari Jayawardena and Suriya Wickremasinghe.
250 _aEnglish language ed.
260 _aColombo :
_bThe Movement,
_c1979.
300 _a148 p. ;
500 _aIncludes index.
650 0 _aCivil rights movements
700 1 _aJayawardena, Kumari.
_eedt
700 1 _aWickremasinghe, Suriya.
_eedt
942 _cL
999 _c534
_d534